|
|
|
|
| LEADER |
00000nab a2200000 a 4500 |
| 001 |
vtls001489491 |
| 003 |
SK-MaSNL |
| 005 |
20260304135827.0 |
| 008 |
250505c2004 xo mr|p|||||||000 b|slo |
| 015 |
|
|
|a SNBRB2005/01
|2 snkbucl
|
| 035 |
|
|
|a (uuid)9a78a596-f68f-4246-b8c9-b816058f4bbf
|
| 035 |
|
|
|a urn:nbn:sk:snk-abtxq
|
| 035 |
|
|
|a (urnnbn)urn:nbn:sk:snk:ar-a05edu
|
| 038 |
|
|
|a SNKBUCL
|
| 040 |
|
|
|a SNKBUCL
|b slo
|c SNKBUCL
|e AACR2
|
| 041 |
0 |
|
|a slo
|
| 044 |
|
|
|a xo
|c SK
|
| 080 |
|
|
|a 004.491
|x (091)
|2 1997
|
| 100 |
1 |
|
|a Kováč, Peter
|4 aut
|9 5310
|
| 245 |
1 |
0 |
|a História počítačových vírusov a červov
|c Peter Kováč
|
| 500 |
|
|
|a Pokračovanie nabudúce
|
| 650 |
0 |
7 |
|a počítačové vírusy
|2 snkbucl
|9 1844
|
| 650 |
0 |
7 |
|a počítačové červy
|2 snkbucl
|9 1071237
|
| 773 |
0 |
|
|t PC revue
|g Roč. XII, č. 9 (2004), s. 16 a 18
|x 1335-0226
|
| 850 |
|
|
|a Slovenská národná knižnica
|
| 852 |
|
|
|a Slovenská národná knižnica
|
| 954 |
|
|
|a odborná, vedecká literatúra pôvodná (slovenská)
|2 lita
|
| 958 |
|
|
|a article27
|
| 958 |
|
|
|a OND
|
| 958 |
|
|
|a EUIPO
|
| 999 |
|
|
|c 2912366
|d 2914296
|